Normal view
MARC view
- Burns, Alan Wellings, Andy
Entry Personal Name
001 - CONTROL NUMBER
- control field: 74391
003 - CONTROL NUMBER IDENTIFIER
- control field: NUST
005 - DATE AND TIME OF LATEST TRANSACTION
- control field: 20210628205210.0
008 - FIXED-LENGTH DATA ELEMENTS
- fixed length control field: 210628|| aca||aabn | a|a d
040 ## - CATALOGING SOURCE
- Original cataloging agency: NUST
- Transcribing agency: NUST
100 ## - HEADING--PERSONAL NAME
- Personal name: Burns, Alan Wellings, Andy
670 ## - SOURCE DATA FOUND
- Source citation: Work cat.: (NUST): Burns, Alan Wellings, Andy, Real time systems and programming language, 1997
